000 00348nam a2200145Ia 4500
008 191201s2005 xx 000 0 und d
082 _a621.38043
_bSIS
100 _aSHARMA, Sanjay
245 0 _aSignals and Systems
250 _a4th
260 _aN.Delhi
_bS K Kataria and Sons
_c2005
300 _a685
650 _aB.Tech(ECE)
942 _2ddc
_cBK
999 _c1311
_d1311